Corak

Bibliographic Details
Main Author: Bulloch, Ivan
Format: Book
Published: Petaling Jaya : Flo Enterprise Sdn.Bhd. , 1996
Subjects:

MARC

LEADER 00000cam a2200000 7i4500
001 0000007199
002 000007744
005 20000330.0
020 |a 967971294X 
090 0 0 |a 510   |b BUL 
100 1 |a Bulloch, Ivan 
245 1 0 |a Corak   |c Ivan Bulloch 
260 |a Petaling Jaya :   |b Flo Enterprise Sdn.Bhd. ,   |c 1996 
300 |a p.v. :   |b ill. ;   |c 27 cm. 
650 0 0 |a Handicrafts   |x Manuals   |x Juvenile literature 
999 |a 051784   |b BUKU   |c PINJAMAN   |e PERPUSTAKAAN KOMUNITI PETALING JAYA 
999 |a 051786   |b BUKU   |c PINJAMAN   |e PERPUSTAKAAN KOMUNITI PETALING JAYA 
999 |a 054799   |b BUKU   |c PINJAMAN   |e PERPUSTAKAAN KOMUNITI CAW KOTA DAMANSARA